• 首页
  • 本馆介绍
  • 公告通知
  • 最新文献
  • 馆藏检索
  • 电子资源
  • 读者导购
  • 参考咨询
  • 我的图书馆
  • 登录
  • 详细信息显示
  • 放入我的书架
  • 预约/预借图书
  • 作者相关作品
  • 分类相关作品
  • 丛书相关作品
  • 出版社相关作品

书目信息

  • 表格格式
  • 工作单格式
  • 卡片格式
题名:
马克思主义原理
    
 
作者: 万斌 著
分册: 上   哲学原理
出版信息: 杭州   浙江大学出版社  1987
页数: 374页
开本: 20cm
丛书名:
单 册:
中图分类: B0
科图分类:
主题词: 哲学理论
电子资源:
ISBN: 7-308-00032-8
000 00633nam0 2200229 45
001 0405080964
005 20050321081258.5
010    @a7-308-00032-8@dCNY2.10
091    @a2337.004
100    @a20040508d1987 km y0chiy0120 ea
101 0  @achi
105    @a z 000yy
200 1  @a马克思主义原理@AMa Ke Si Zhu Yi Yuan Li@h上@i哲学原理@f万斌等著@FWan Bin Deng Zhu
210    @a杭州@c浙江大学出版社@d1987
215    @a374页@d20cm
300    @a高等学校教学用书
517    @a哲学原理@AZhe Xue Yuan Li
606 0  @a哲学理论
690    @aB0@v3
701  0 @a万斌@4著
801    @aCN@bPftUser@c20040508
905    @dB0@e96@f1@b209306
    
    马克思主义原理.上.哲学原理/万斌等著.-杭州:浙江大学出版社,1987
    374页;20cm
    高等学校教学用书
    
    ISBN 7-308-00032-8:CNY2.10
    
●
相关链接 在E读中查询图书 在五车中查询图书 在当当中查询图书 在豆瓣中查询图书


正题名:马克思主义原理     索取号:B0/96         预约/预借

序号 登录号 条形码 馆藏地/架位号 状态 备注
1 0209306   001994738   第一借阅区/ [索取号:B0/96] 在馆    
2 0209307   001129503   密集书库/ [索取号:B0/96] 在馆    
3 0209308   001129497   第一样本阅览室/ [索取号:B0/96] 在馆    
唐山师范学院图书馆 欢迎您!
大连网信软件有限公司© 版权所有